ARRUPE JESUIT UNIVERSITY

CORONAVIRUS -STOP THE SPREAD - CLEAN,DISINFECT,COVER

Philosophical papers / (Record no. 119614)

MARC details
000 -LEADER
fixed length control field 01066cam a2200313 i 4500
001 - CONTROL NUMBER
control field 4200444
003 - CONTROL NUMBER IDENTIFIER
control field ARRUPE
005 - DATE AND TIME OF LATEST TRANSACTION
control field 20140121140040.0
008 - FIXED-LENGTH DATA ELEMENTS--GENERAL INFORMATION
fixed length control field 800721s1979 enk 001 0 eng
010 ## - LIBRARY OF CONGRESS CONTROL NUMBER
LC control number 80488253
015 ## - NATIONAL BIBLIOGRAPHY NUMBER
National bibliography number GB***
020 ## - INTERNATIONAL STANDARD BOOK NUMBER
International Standard Book Number 019283021X (pbk.) :
Terms of availability £2.95
020 ## - INTERNATIONAL STANDARD BOOK NUMBER
International Standard Book Number 0198246277
040 ## - CATALOGING SOURCE
Original cataloging agency DLC
Transcribing agency DLC
Modifying agency DLC
-- OCoLC
-- DLC
050 00 - LIBRARY OF CONGRESS CALL NUMBER
Classification number B1618
Item number .A8 1979
082 00 - DEWEY DECIMAL CLASSIFICATION NUMBER
Classification number 192
Edition number 19
300 ## - PHYSICAL DESCRIPTION
Dimensions 20 cm.
100 1# - MAIN ENTRY--PERSONAL NAME
Personal name Austin, J. L.
Fuller form of name (John Langshaw),
Dates associated with a name 1911-1960.
9 (RLIN) 6816
245 10 - TITLE STATEMENT
Title Philosophical papers /
Statement of responsibility, etc J. L. Austin.
250 ## - EDITION STATEMENT
Edition statement 3d ed. /
Remainder of edition statement edited by J. O. Urmson and G. J. Warnock.
260 ## - PUBLICATION, DISTRIBUTION, ETC. (IMPRINT)
Place of publication, distribution, etc Oxford [Eng.] ;
-- New York :
Name of publisher, distributor, etc Oxford University Press,
Date of publication, distribution, etc 1979.
300 ## - PHYSICAL DESCRIPTION
Extent vii, 306 p. ;
500 ## - GENERAL NOTE
General note Includes index.
650 #0 - SUBJECT ADDED ENTRY--TOPICAL TERM
Topical term or geographic name as entry element Philosophy.
9 (RLIN) 6817
700 1# - ADDED ENTRY--PERSONAL NAME
Personal name Urmson, J. O.,
Relator term ed.
9 (RLIN) 6818
700 1# - ADDED ENTRY--PERSONAL NAME
Personal name Warnock, G. J.
Fuller form of name (Geoffrey James),
Dates associated with a name 1923-
Relator term ed.
9 (RLIN) 6819
856 42 - ELECTRONIC LOCATION AND ACCESS
Materials specified Publisher description
Uniform Resource Identifier <a href="http://www.loc.gov/catdir/enhancements/fy0604/80488253-d.html">http://www.loc.gov/catdir/enhancements/fy0604/80488253-d.html</a>
906 ## - LOCAL DATA ELEMENT F, LDF (RLIN)
a 7
b cbc
c orignew
d 2
e ncip
f 19
g y-gencatlg
942 ## - ADDED ENTRY ELEMENTS (KOHA)
Source of classification or shelving scheme Library of Congress Classification
Koha item type Monograph ( Printed materials)
Holdings
Withdrawn status Lost status Source of classification or shelving scheme Damaged status Not for loan Home library Current library Date acquired Total Checkouts Full call number Barcode Date last seen Date checked out Price effective from Koha item type
    Library of Congress Classification     ARRUPE LIBRARY ARRUPE LIBRARY 21/01/2014 1 B1618 .A8 1979 464122832 08/03/2017 20/02/2017 21/01/2014 Monograph ( Printed materials)

 

Arrupe Library. PO Box MP320 Mt Pleasant, Harare, Zimbabwe
263 242 745411|librarian@aju.ac.zw